| 000 | 003350000a22001450004500 | ||
|---|---|---|---|
| 003 | MACL | ||
| 040 | _aMACL | ||
| 090 |
_c6923 _d6922 |
||
| 100 | _aBhagowalia, Urmila | ||
| 245 | _aVaisnavism and Society in Northern India 700-1200 | ||
| 260 |
_bIntellectual Publishing _c1980 |
||
| 350 | _a80 | ||
| 650 | _aReligion | ||
| 942 |
_cBOOK _k294 |
||
| 999 |
_c6875 _d6875 |
||